| 000 | 00618nam a2200157 i 4500 | ||
|---|---|---|---|
| 001 | 80664 | ||
| 003 | ES-MaACL | ||
| 007 | t| | ||
| 008 | 041029s1949 sp ||||1| spa d | ||
| 100 | 1 |
_aHohmann, Georg. _963986 |
|
| 245 | 1 | 0 |
_aPie y pierna _b: sus afecciones y su tratamiento / _cpor Georg Hohmann ; traducción de la tercera edición alemana ampliada por su autor para esta edición española por F. Jimeno Vidal. |
| 260 |
_aBarcelona : _bLabor, _c1949 ( _fTall. Graf. Ibero-Americanos) |
||
| 300 |
_aXV, 555 p. : _bil. ; _c25 cm. |
||
| 700 | 1 |
_aJimeno Vidal, Francisco. _966661 |
|
| 852 |
_aES-MaACL _jE-761 _bR.26958 |
||
| 999 |
_c80664 _d80664 |
||